| 000 | 00748nam a22002177a 4500 | ||
|---|---|---|---|
| 005 | 20081021102458.0 | ||
| 008 | 081021t xxu||||| |||| 00| 0 eng d | ||
| 010 | _aENG-84201 | ||
| 020 | _a0195679679 | ||
| 020 | _c545.00 (hb) | ||
| 035 | _aEN-67734 | ||
| 082 | _a260 | ||
| 100 | _aNijhawan, Michael | ||
| 245 |
_aDhadi darbar: _breligious, violence, and the performance of Sikh history / _cby Michael Nijhawan |
||
| 260 |
_aNew Delhi _bOxford University Press |
||
| 260 | _c2006 | ||
| 300 |
_axiii,272p _c22cm |
||
| 500 | _aIncludes bibliographical references and index | ||
| 942 |
_2ddc _cEN _h260 _mNIJ |
||
| 999 |
_c17163 _d17163 |
||